000 00861nam a2200193Ii 4500
003 JO-AjNU
008 230605s9999||||xx |||||||||||||| ||und||
040 _aJO-AjNU
_bara
_erda
_cJO-AjNU
041 _aara
050 1 4 _aPJ7750.H3548 1985
100 3 _aتأليف حماد، سهيلة زين العابدين,
_eauthor
_935503
245 0 0 _aمن عمق الروح وصلب الفكر: دراسات في الأدب والتاريخ والإعلام الإسلامي
264 3 1 _aجدة:الدار السعودية للنشر والتوزيع،1985
300 _a323ص
336 _atext
_btxt
_2rdacontent
337 _aunmediated
_bn
_2rdamedia
338 _avolume
_bnc
_2rdacarrier
650 4 _aالأدب العربي - خواطر - مقالات - دراسات -مخططات - الدين الإسلامي - عصر الخلفاء الراشدين
_935504
999 _aA14665
_c18233
_d18233